Online
Catalog

Nueva literatura económica dominicana : (Record no. 47036)

MARC details
000 -CABECERA
campo de control de longitud fija 02338nam a2200361 i 4500
001 - NÚMERO DE CONTROL
campo de control 000047548
003 - IDENTIFICADOR DEL NÚMERO DE CONTROL
campo de control DO-SdBNP
005 - FECHA Y HORA DE LA ÚLTIMA TRANSACCIÓN
campo de control 20260427110304.0
007 - CAMPO FIJO DE DESCRIPCIÓN FÍSICA--INFORMACIÓN GENERAL
campo de control de longitud fija ta
008 - DATOS DE LONGITUD FIJA--INFORMACIÓN GENERAL
campo de control de longitud fija 090630s2010 dr r 000 0 spa d
020 ## - NÚMERO INTERNACIONAL ESTÁNDAR DEL LIBRO
Número Internacional Estándar del Libro 9789945443592
040 ## - FUENTE DE LA CATALOGACIÓN
Centro catalogador/agencia de origen DO-SdBNP
Lengua de catalogación spa
Centro/agencia transcriptor BNPHU
Normas de descripción rda
082 #4 - NÚMERO DE LA CLASIFICACIÓN DECIMAL DEWEY
Número de clasificación 330.97293
Número de documento/Ítem C744n, 2009
Número de edición 22
111 ## - ENTRADA PRINCIPAL--NOMBRE DE CONGRESO/REUNIÓN
Nombre de congreso/reunión o jurisdicción como elemento de entrada Concurso Biblioteca Juan Pablo Duarte
9 (RLIN) 6999
245 10 - MENCIÓN DE TÍTULO
Título Nueva literatura económica dominicana :
Resto del título premios del Concurso de Economía Biblioteca "Juan Pablo Duarte" 2009 /
Mención de responsabilidad, etc. Carlos Manual Gratereaux Hernández ; edición, Elvis Francis Soto, Albertina Méndez
264 #1 - PRODUCCIÓN, PUBLICACIÓN, DISTRIBUCIÓN, FABRICACIÓN Y COPYRIGHT
Producción, publicación, distribución, fabricación y copyright Santo Domingo :
Nombre del de productor, editor, distribuidor, fabricante Banco Central de la República Dominicana,
Fecha de producción, publicación, distribución, fabricación o copyright 2010
300 ## - DESCRIPCIÓN FÍSICA
Extensión xvii, 196 páginas ;
Dimensiones 23 cm.
336 ## - TIPO DE CONTENIDO
Fuente rdacontent
Término de tipo de contenido texto
Código de tipo de contenido txt
337 ## - TIPO DE MEDIO
Fuente rdamedia
Nombre/término del tipo de medio sin mediación
Código del tipo de medio n
338 ## - TIPO DE SOPORTE
Fuente rdacarrier
Nombre/término del tipo de soporte volumen
Código del tipo de soporte nc
490 ## - MENCIÓN DE SERIE
Mención de serie Banco Central de la República Dominicana ;
Designación de volumen o secuencia 158
Mención de serie Nueva literatura económica dominicana ;
Designación de volumen o secuencia 13
500 ## - NOTA GENERAL
Nota general Incluye referencias bibliográficas y notas al pie de las páginas
505 0# - NOTA DE CONTENIDO CON FORMATO
Nota de contenido con formato Presentación --
Título Introducción --
Información miscelánea Primera parte --
Título Sostenibilidad del déficit en cuenta corriente y vulnerabilidad externa de la economía dominicana //
Mención de responsabilidad Carlos Manuel Gratereaux --
Información miscelánea Segunda parte :
Título Corrupción en las aduanas : un problema de acción colectiva. El caso de los países miembro del DR-CAFTA/
Mención de responsabilidad Marie Claire Vásquez Durán --
Información miscelánea Tercera parte :
Título Protegiendo a los más vulnerables : impacto del régimen subsidiado de salud en la República Dominicana /
Mención de responsabilidad María E. Dávalos, Indhira V. Santos
Información miscelánea Cuarta parte :
Título Probabilidad de cambios en los precios medidos a partir de encuestas cualitativas de opinión empresarial /
Mención de responsabilidad Harold A. Vásquez Ruiz
590 ## - NOTA LOCAL (RLIN)
Nota local Inventariado, 2018/ VM
650 #4 - PUNTO DE ACCESO ADICIONAL DE MATERIA--TÉRMINO DE MATERIA
Término de materia o nombre geográfico como elemento de entrada Finanzas
Subdivisión general República Dominicana
Subdivisión de forma Congresos, conferencias, etc.
9 (RLIN) 75161
650 #4 - PUNTO DE ACCESO ADICIONAL DE MATERIA--TÉRMINO DE MATERIA
Término de materia o nombre geográfico como elemento de entrada Política monetaria
Subdivisión geográfica República Dominicana
Subdivisión de forma Congresos, conferencias, etc..
9 (RLIN) 75181
651 #4 - PUNTO DE ACCESO ADICIONAL DE MATERIA--NOMBRE GEOGRÁFICO
Nombre geográfico República Dominicana
Subdivisión general Condiciones económicas
Subdivisión de forma Congresos, conferencias, etc.
9 (RLIN) 7000
651 #4 - PUNTO DE ACCESO ADICIONAL DE MATERIA--NOMBRE GEOGRÁFICO
Nombre geográfico República Dominicana
Subdivisión geográfica Política económica
Subdivisión de forma Congresos, conferencias, etc.
9 (RLIN) 75182
700 1# - PUNTO DE ACCESO ADICIONAL--NOMBRE DE PERSONA
Nombre de persona Soto, Elvis Francis,
9 (RLIN) 75162
710 2# - PUNTO DE ACCESO ADICIONAL--NOMBRE DE ENTIDAD CORPORATIVA
Nombre de entidad corporativa o nombre de jurisdicción como elemento de entrada Banco Central de la República Dominicana.
Unidad subordinada Departamento Cultural.
9 (RLIN) 7006
910 ## - DATOS DE OPCIÓN DEL USUARIO (OCLC)
Datos de opción del usuario Validado. Control de calidad MFF
942 ## - ELEMENTOS DE PUNTO DE ACCESO ADICIONAL (KOHA)
Fuente del sistema de clasificación o colocación Dewey Decimal Classification
Tipo de ítem Koha Libro
Holdings
Estado de retiro Estado de pérdida Fuente del sistema de clasificación o colocación Restricciones de uso No para préstamo Código de colección Localización permanente Ubicación/localización actual Ubicación en estantería Fecha de adquisición Fuente de adquisición Total de préstamos Signatura topográfica completa Código de barras Fecha visto por última vez Precio válido a partir de Tipo de ítem Koha Número de copia
    Dewey Decimal Classification Excluido de préstamo   Patrimonio Dominicano Biblioteca Nacional Pedro Henríquez Ureña Biblioteca Nacional Pedro Henríquez Ureña Depósito 26.06.2018 Donación   BNPHU PD 330.97293 C744n 2009 47548-10 25.06.2020 25.06.2020 Libro  
    Dewey Decimal Classification Excluido de préstamo   Patrimonio Dominicano Biblioteca Nacional Pedro Henríquez Ureña Biblioteca Nacional Pedro Henríquez Ureña Depósito 04.10.2023 Donación   BNPHU PD 330.97293 C744n 2009 2023-6686 04.10.2023 04.10.2023 Libro e.2

Powered by Koha